[Event "BRA-ch U18"]
[Site "Aracaju"]
[Date "2024.05.23"]
[Round "6"]
[White "Conceicao, Joaquim Mielniczuk"]
[Black "Kim, Thiago"]
[Result "0-1"]
[WhiteElo "1832"]
[BlackElo "1989"]
[PlyCount "70"]
[EventDate "2024.05.22"]
[EventType "swiss"]
[EventRounds "6"]
[EventCountry "BRA"]
[SourceTitle "CB22_2024"]
[SourceDate "2024.05.29"]
[SourceVersion "1"]
[SourceVersionDate "2024.05.29"]
[SourceQuality "1"]

1. d4 Nf6 2. c4 g6 3. Nc3 d5 4. Bf4 Bg7 5. Nf3 0-0 6. e3 c5 7. dxc5 Qa5 8. Qa4 Qxc5 9. Be2 Nc6 10. 0-0 dxc4 11. Qxc4 Qxc4 12. Bxc4 Nd7 13. Rfd1 Nb6 14. Be2 Be6 15. Nb5 Rad8 16. Nbd4 Nxd4 17. Nxd4 Bc4 18. Bc7 Rxd4 19. Rxd4 Bxe2 20. Bxb6 axb6 21. Rd7 Bxb2 22. Re1 Ba6 23. Rxe7 Rc8 24. Rd7 Rc1 25. Rxc1 Bxc1 26. a4 Ba3 27. g4 h6 28. Kg2 b5 29. axb5 Bxb5 30. Rd8+ Kg7 31. Kf3 Bc4 32. Ke4 b5 33. Kd4 Be6 34. Rb8 b4 35. h4 Bxg4 0-1

[Event "BRA-ch U18"]
[Site "Aracaju"]
[Date "2024.05.23"]
[Round "4"]
[White "Fraga, Heitor Carneiro"]
[Black "Conceicao, Joaquim Mielniczuk"]
[Result "1-0"]
[WhiteElo "1890"]
[BlackElo "1832"]
[PlyCount "84"]
[EventDate "2024.05.22"]
[EventType "swiss"]
[EventRounds "6"]
[EventCountry "BRA"]
[SourceTitle "CB22_2024"]
[SourceDate "2024.05.29"]
[SourceVersion "1"]
[SourceVersionDate "2024.05.29"]
[SourceQuality "1"]

1. e4 e6 2. d4 d5 3. Nd2 c5 4. exd5 Qxd5 5. Ngf3 cxd4 6. Bc4 Qd6 7. 0-0 Nf6 8. Nb3 Nc6 9. Nbxd4 Nxd4 10. Nxd4 a6 11. Be3 b5 12. Bb3 Bb7 13. a4 e5 14. Re1 Be4 15. Nf3 Qxd1 16. Raxd1 Bxf3 17. gxf3 Be7 18. Bg5 h6 19. Bh4 g5 20. Bg3 0-0 21. axb5 axb5 22. Rxe5 Rfd8 23. Rxd8+ Bxd8 24. Rxb5 Kf8 25. Bd6+ Ke8 26. Rb7 Nd7 27. Ba3 f5 28. Be6 Ne5 29. Rh7 Bf6 30. Rxh6 Nxf3+ 31. Kh1 Bg7 32. Rg6 Ra7 33. Bd5 Nd4 34. Bc5 Ra5 35. b4 Ra1+ 36. Kg2 Be5 37. c4 Ne2 38. Re6+ Kd7 39. Rxe5 Rg1+ 40. Kf3 Nf4 41. Rxf5 Rd1 42. Be3 Rd3 1-0

[Event "Porto Alegre op"]
[Site "Porto Alegre"]
[Date "2023.05.06"]
[Round "4"]
[White "Conceicao, Joaquim Mielniczuk"]
[Black "Pereira, Armando Scharlau"]
[Result "1-0"]
[WhiteElo "1800"]
[BlackElo "1574"]
[PlyCount "61"]
[EventDate "2023.05.05"]
[EventType "swiss"]
[EventRounds "7"]
[EventCountry "BRA"]
[SourceTitle "CBM 214 Extra"]
[Source "ChessBase"]
[SourceDate "2023.07.31"]
[SourceVersion "1"]
[SourceVersionDate "2023.07.31"]
[SourceQuality "1"]

1. d4 Nf6 2. c4 e6 3. Nc3 Bb4 4. a3 Bxc3+ 5. bxc3 c5 6. e3 0-0 7. Bd3 d6 8. Nf3 b6 9. 0-0 Bb7 10. Re1 Ne4 11. Qc2 f5 12. d5 exd5 13. cxd5 Bxd5 14. c4 Bc6 15. Nd2 Nxd2 16. Qxd2 Nd7 17. f4 Qe7 18. Bb2 d5 19. cxd5 Bxd5 20. Rad1 Be6 21. e4 Qf7 22. exf5 Bb3 23. Rc1 Kh8 24. Re2 Rfe8 25. Rce1 c4 26. Be4 Rad8 27. Bc6 Rxe2 28. Rxe2 h6 29. Qd6 Qxf5 30. Bxg7+ Kxg7 31. Re7+ 1-0

[Event "Porto Alegre op"]
[Site "Porto Alegre"]
[Date "2023.05.05"]
[Round "1"]
[White "Conceicao, Joaquim Mielniczuk"]
[Black "Pimenta, Elisandro da Silva"]
[Result "0-1"]
[WhiteElo "1800"]
[BlackElo "1843"]
[PlyCount "88"]
[EventDate "2023.05.05"]
[EventType "swiss"]
[EventRounds "7"]
[EventCountry "BRA"]
[SourceTitle "CBM 214 Extra"]
[Source "ChessBase"]
[SourceDate "2023.07.31"]
[SourceVersion "1"]
[SourceVersionDate "2023.07.31"]
[SourceQuality "1"]

1. d4 Nf6 2. c4 e6 3. Nf3 d5 4. Nc3 Be7 5. Bg5 0-0 6. e3 h6 7. Bh4 Nbd7 8. Bd3 b6 9. 0-0 dxc4 10. Bxc4 Bb7 11. Qe2 Ne4 12. Bxe7 Qxe7 13. Bd3 Ndf6 14. Nxe4 Nxe4 15. Rac1 Rac8 16. Rc2 c5 17. Rfc1 Nf6 18. dxc5 bxc5 19. Ba6 Bxa6 20. Qxa6 Rc7 21. Qa5 Rfc8 22. Nd2 Qd6 23. h3 Qb6 24. Qa4 Nd7 25. a3 a6 26. Qf4 Rc6 27. Nc4 Qc7 28. Qf3 Ne5 29. Nxe5 Qxe5 30. Qe2 Kf8 31. Rc4 a5 32. Qc2 Ke7 33. Qd2 Ra8 34. R1c3 Rd8 35. Qc2 Rcd6 36. f4 Rd1+ 37. Kh2 Qf6 38. Rxc5 Qh4 39. Rc7+ Kf6 40. Qe2 R8d2 41. Qb5 Rxg2+ 42. Kxg2 Rd2+ 43. Kf3 Qxh3+ 44. Ke4 Qg2# 0-1